01595agaaa2200277 45000010005000000030009000050050017000140070009000310080040000400400023000800410013001031000049001161300055001652450175002202500022003952600124004173000033005415080053005745200376006275380016010035460013010196500090010327000061011227000066011837000068012499225IT-RoPAU20220918181257.0d cvaizq50131s9999||||xx ||| | || ||und|| aIT-RoPAUcIT-RoPAU aITALIANO aDe Andreis LucagCodice regista SPICS: 27798 aQUOTIDIANO IN CLASSE (IL)-3-DALLA NOTIZIA AL FATTO aQUOTIDIANO IN CLASSE (IL)-3-DALLA NOTIZIA AL FATTOcDiretto da: De Andreis LucapQUOTIDIANO IN CLASSE (IL)-3-DALLA NOTIZIA AL FATTO (Rif. Codice opera principale : 79225) aEdizione Standard aROMA (ITALIA)bSAMPAOLO FILM AUDIOVISIVI / Distribuzione: MASTER VIDEOg"1986 (1° ed.: 1986 ; Ed. Lingua Orig.: 1986)" aVHSbsonoro, col.c24 minuti aSoggetto: Spinelli Anna Rita -- Tesorio Giuseppe aLA LETTURA DEL GIORNALE COME MEZZO DI INFORMAZIONE DELL'ALUNNO NEL CONTESTO DELLA SUA EDUCAZIONE MORALE E CIVICA VERA PREGHIERA DEL MATTINO DELL'UOMOMODERNO IL CORTOMETRAGGIO VISUALIZZA E PROPONE COME IN CONCRETO UNA CORRETTA LETTURA DEL QUOTIDIANO PUO' DIVENTARE MEZZO PRIMARIO DI CONOSCENZA DEL MONDO RENDENDO PIU' VIVO E ATTUALE L'INSEGNAMENTO DI OGNI ORDINE DI SCUOLA aPAL, STEREO aITALIANO aDIDATTICOeTV-PROG. DIDATTICO/CULTURALI-DOCUMENTARI [VHS]xCodice MATERIA SPICS: 9962 aDe Andreis Luca e(regista)gCodice regista SPICS: 27798 aSpinelli Anna Rita e(soggetto)gCodice Soggetto SPICS: 25379 aTesorio Giuseppe e(soggetto)gCodice Soggetto 2° SPICS: 22432